[Event "GCT 2023 Saint Louis - Blitz"]
[Site "Saint Louis"]
[Date "18.11.2023"]
[Round "18B"]
[White "Xiong, Jeffery"]
[Black "Firouzja, Alireza"]
[Result "1-0"]
[WhiteTitle "GM"]
[BlackTitle "GM"]
[WhiteElo "2681"]
[BlackElo "2777"]
[WhiteFideId "2047640"]
[BlackFideId "12573981"]
[EventDate "2023.11.17"]

1. e4 c5 2. Nf3 Nc6 3. Bb5 e6 4. O-O Nge7 5. d4 cxd4 6. Nxd4 Qb6 7. Nxc6 bxc6 8.
Bd3 Ng6 9. c4 Be7 10. Nc3 O-O 11. Rb1 d6 12. Be3 Qd8 13. b4 Bf6 14. Qd2 Bb7 15.
Be2 Nh4 16. f3 d5 17. Rfd1 Qc7 18. cxd5 cxd5 19. Rbc1 Qb8 20. exd5 Bxd5 21. Nxd5
exd5 22. Bc5 Re8 23. Bf2 Ng6 24. Bf1 d4 25. Bxd4 Rd8 26. Qf2 Qxb4 27. Bxf6 gxf6
28. Rxd8+ Rxd8 29. Qxa7 Qb2 30. Qe3 Rd2 31. Re1 Nh4 32. Re2 Rxe2 33. Qxe2 Qc3
34. Qf2 Nf5 35. a4 Qa1 36. Qa7 Nd4 37. Qb8+ Kg7 38. Qg3+ Kf8 39. Qd6+ Kg7 40. a5
Qd1 41. Qg3+ Kf8 42. Qd6+ Kg7 43. Qg3+ Kf8 44. Qf2 Qa1 45. a6 f5 46. g3 f4 47.
gxf4 Ne6 48. Qe3 Nd4 49. Kf2 Qa2+ 50. Be2 Qa1 51. Qe5 Qa4 52. Qb8+ Kg7 53. a7
Nc6 54. a8=Q Qd4+ 55. Kg2 1-0

[Event "GCT 2023 Saint Louis - Blitz"]
[Site "Saint Louis"]
[Date "18.11.2023"]
[Round "18B"]
[White "Sevian, Samuel"]
[Black "So, Wesley"]
[Result "1/2-1/2"]
[WhiteTitle "GM"]
[BlackTitle "GM"]
[WhiteElo "2696"]
[BlackElo "2752"]
[WhiteFideId "2040506"]
[BlackFideId "5202213"]
[EventDate "2023.11.17"]

1. e4 e5 2. Nf3 Nc6 3. Bb5 Nf6 4. d3 Ne7 5. O-O c6 6. Bc4 Ng6 7. d4 Nxe4 8. dxe5
d5 9. exd6 Nxd6 10. Bb3 Be7 11. Nc3 O-O 12. Re1 h6 13. h3 Re8 14. Ne5 Nxe5 15.
Rxe5 Bf6 16. Rxe8+ Qxe8 17. Bxh6 Nb5 18. Bd2 Nd4 19. Be3 Nxb3 20. axb3 Bf5 21.
Rxa7 Rxa7 22. Bxa7 Bxc3 23. bxc3 Qd7 24. Qc1 b5 25. Bd4 f6 26. f3 Qd6 27. Bf2
Kh7 28. h4 Qd5 29. h5 Bd7 30. h6 gxh6 31. Qf4 Qe5 32. Qd2 Qd5 33. Qe3 Bf5 34.
Qe7+ Kg6 35. Qe8+ Kg7 36. Bd4 Bxc2 37. b4 Bb3 38. Qe7+ Qf7 39. Qd6 Bd5 40. Kf2
Qe6 41. Qg3+ Kh7 42. Qf4 Kg6 43. Be3 Qf5 44. Qxh6+ Kf7 45. Bd2 Qd3 46. Qf4 Bc4
47. Qc7+ Kg6 48. Qg3+ Kf7 49. Qf4 Qe2+ 50. Kg1 Qf1+ 51. Kh2 Qd3 52. Be1 Be6 53.
Bf2 Qf5 54. Qc7+ Bd7 55. Bd4 Ke6 56. Qd8 Qf4+ 57. Kg1 Qc1+ 58. Kf2 Qd2+ 59. Kg3
Qg5+ 60. Kf2 Qd2+ 61. Kf1 Qd1+ 62. Kf2 Qd2+ 63. Kg3 Qg5+ 64. Kh3 Qh5+ 65. Kg3
Qg5+ 66. Kf2 1/2-1/2

[Event "GCT 2023 Saint Louis - Blitz"]
[Site "Saint Louis"]
[Date "18.11.2023"]
[Round "18B"]
[White "Nepomniachtchi, Ian"]
[Black "Giri, Anish"]
[Result "1/2-1/2"]
[WhiteTitle "GM"]
[BlackTitle "GM"]
[WhiteElo "2771"]
[BlackElo "2752"]
[WhiteFideId "4168119"]
[BlackFideId "24116068"]
[EventDate "2023.11.17"]

1. e4 e5 2. Nf3 Nc6 3. Bb5 Nf6 4. d3 Bc5 5. Nbd2 O-O 6. O-O Nd4 7. Nxd4 Bxd4 8.
Nf3 Bb6 9. Nxe5 d5 10. Bf4 c6 11. Ba4 dxe4 12. dxe4 Qxd1 13. Raxd1 Nxe4 14. Bb3
Nc5 15. Bc4 Be6 16. Be3 Rfe8 17. Bxe6 Nxe6 18. Bxb6 axb6 19. a3 b5 20. g3 f6 21.
Nf3 Rad8 22. Rfe1 Kf7 23. Kf1 g5 24. Nd2 Nc5 25. Rxe8 Kxe8 26. Re1+ Kf7 27. Ne4
Nxe4 28. Rxe4 Rd2 29. Re2 Rd1+ 30. Re1 Rd2 31. Re2 Rd1+ 32. Re1 Rd2 1/2-1/2

[Event "GCT 2023 Saint Louis - Blitz"]
[Site "Saint Louis"]
[Date "18.11.2023"]
[Round "18B"]
[White "Caruana, Fabiano"]
[Black "Vachier-Lagrave, Maxime"]
[Result "1/2-1/2"]
[WhiteTitle "GM"]
[BlackTitle "GM"]
[WhiteElo "2795"]
[BlackElo "2734"]
[WhiteFideId "2020009"]
[BlackFideId "623539"]
[EventDate "2023.11.17"]

1. d4 Nf6 2. c4 e6 3. Nc3 d5 4. Nf3 c6 5. e3 Nbd7 6. Bd3 dxc4 7. Bxc4 b5 8. Be2
a6 9. O-O c5 10. d5 exd5 11. Nxd5 Bb7 12. Nxf6+ Nxf6 13. a4 b4 14. b3 Bd6 15.
Bb2 O-O 16. h3 Ne4 17. Qc2 Qe7 18. Rad1 Rad8 19. Bc4 Ng5 20. Nxg5 Qxg5 21. f4
Qe7 22. Qe2 Bc7 23. Rfe1 Kh8 24. Qg4 f6 25. Qe6 Qxe6 26. Bxe6 Be4 27. Bc4 a5 28.
Kf2 h5 29. g3 Kh7 30. Ke2 Kg6 31. Bd3 Bxd3+ 32. Rxd3 Rxd3 33. Kxd3 Rd8+ 34. Ke2
c4 35. bxc4 Bb6 36. c5 Bxc5 37. Rc1 Bf8 38. g4 hxg4 39. hxg4 b3 40. Rc3 Rb8 41.
Rc4 Bb4 42. Kd3 Rh8 43. Rc1 Rh4 44. Bd4 Rxg4 45. Rb1 Rg2 46. Rxb3 Ra2 47. e4
Rxa4 48. Rb1 Kf7 49. Rc1 Ra3+ 50. Kc4 Bd2 51. Rf1 Rh3 52. Ra1 Bxf4 53. Rxa5 Be3
54. Bc3 Bf2 55. Ra6 Re3 56. e5 fxe5 57. Bd2 Re2 58. Kd3 Rxd2+ 59. Kxd2 Bd4 60.
Kd3 g5 61. Ke4 Ke7 62. Rg6 Kf7 63. Rxg5 Ke7 64. Rxe5+ Bxe5 1/2-1/2